[Event "Oberliga Nord W 9596"]
[Site "Germany"]
[Date "1996.??.??"]
[Round "4.1"]
[White "Jugelt, Tobias"]
[Black "Bangiev, Alexander J"]
[Result "0-1"]
[WhiteElo "2380"]
[BlackElo "2405"]
[Annotator "Bangiev,A"]
[PlyCount "132"]
[EventDate "1995.10.??"]
[EventType "team"]
[EventRounds "9"]
[EventCountry "GER"]
[SourceTitle "CBM 051"]
[Source "ChessBase"]
[SourceDate "1996.04.01"]
[SourceVersion "1"]
[SourceVersionDate "1996.04.01"]
[SourceQuality "1"]
[WhiteTeam "Delmenhorst II"]
[BlackTeam "Isernhagen"]
[WhiteTeamCountry "GER"]
[BlackTeamCountry "GER"]

1. d4 g6 2. Nf3 Bg7 3. e4 c5 4. dxc5 Qa5+ 5. c3 Qxc5 6. Be3 Qc7 7. Nbd2 Nf6 8.
h3 Nc6 (8... d5 $5 9. e5 Nfd7 10. e6 $6 fxe6) 9. Bc4 $5 (9. Bd3 d5 $5) 9... O-O
10. O-O d6 (10... b6 $5 11. Qe2 Bb7 12. Rfd1 Rad8 {/\13...d5}) 11. Qe2 a6 12.
a4 Bd7 13. Rfd1 Rac8 $6 (13... Nh5 14. Qe1 Nd8 15. a5 Ne6 $13) (13... Rab8 $1
14. Nd4 (14. Qe1 b5 15. axb5 axb5 16. Bf1 b4 $143 $36) 14... Ne5 15. Bb3 b5 $5
16. axb5 axb5 17. f4 Nc4 18. Nxc4 bxc4 19. Bxc4 Nxe4 $13) 14. Kh1 (14. Qe1 $5)
(14. Nd4 $5) 14... Nh5 15. Qe1 Nd8 $6 16. a5 Ne6 17. Bf1 Rce8 18. Nc4 Bc6 (
18... Nc5 $6 19. e5 $5 Bc6 20. Bxc5 $1 (20. exd6 $6 exd6 21. Nxd6 Re6 $36)
20... dxc5 21. Qe3 $36) 19. Bb6 Qc8 20. Nd4 Nef4 (20... Bd7 $5) 21. Nxc6 Qxc6
22. Kg1 $5 (22. g3 $2 Nxh3) 22... d5 $6 (22... f5 23. exf5 Rxf5 24. Ne3 $16) (
22... Ne6 $142 $14) 23. Nd2 $1 (23. exd5 $6 Nxd5 24. Bd4 e5 $36) 23... dxe4 (
23... e5 24. g3 Ne6 25. exd5 Qxd5 26. Bg2 Qd7 27. Nc4 $16) 24. Qxe4 Nd5 25. c4
Nb4 (25... Nxb6 $5 26. Qxc6 bxc6 27. axb6 Bxb2 28. Rxa6 Rd8 29. Be2 Nf4 30. Bf3
Ne6 $14) 26. Qxc6 Nxc6 27. Rab1 $14 Bd4 $5 28. Ne4 (28. Nb3 $5 {/\Nc5}) 28...
e5 29. b4 (29. g4 f5 30. Nd6 Re6 31. Nxb7 fxg4 32. Bxd4 Nxd4 33. Nc5 $14) 29...
Bxb6 30. axb6 Rd8 31. Nd6 Rd7 32. c5 Nd4 33. Nxb7 Rxb7 34. Bxa6 Rbb8 35. b7 Nf4
36. Rxd4 exd4 37. c6 Ne6 38. Bc4 (38. b5 Nc7 $17) 38... Nd8 39. b5 $2 (39. c7
Nxb7 40. cxb8=Q Rxb8 $10) 39... Nxb7 $17 40. Bd5 Rbd8 41. Bf3 Nc5 42. b6 Ne6
43. Kf1 Kg7 44. Ke1 Kf6 45. Rc1 Rb8 46. c7 Rxb6 47. c8=Q Rxc8 48. Rxc8 Rb1+ 49.
Kd2 Rb2+ 50. Ke1 Ke5 51. Re8 Kd6 52. g3 h5 53. h4 Kd7 54. Ra8 Nc5 55. Be2 Rb1+
56. Kd2 Rb2+ 57. Ke1 d3 58. Bd1 Ne4 59. Ba4+ Kc7 60. Ra7+ Kb6 61. Rxf7 d2+ (
61... Nc3 62. Rd7 Re2+ 63. Kf1 d2) 62. Ke2 Nc3+ 63. Ke3 Nxa4 64. Rd7 Kc5 65.
Rxd2 Rxd2 66. Kxd2 Kd4 0-1

[Event "RUS-ch"]
[Site "Elista"]
[Date "1995.??.??"]
[Round "1"]
[White "Korneev, Oleg"]
[Black "Malakhov, Vladimir"]
[Result "1/2-1/2"]
[WhiteElo "2605"]
[BlackElo "2510"]
[Annotator "Bangiev,A"]
[PlyCount "111"]
[EventDate "1995.10.??"]
[EventType "swiss"]
[EventRounds "11"]
[EventCountry "RUS"]
[SourceTitle "CBM 050"]
[Source "ChessBase"]
[SourceDate "1996.02.01"]
[SourceVersion "1"]
[SourceVersionDate "1996.02.01"]
[SourceQuality "1"]

1. e4 c5 2. Nf3 g6 3. d4 Bg7 4. c3 cxd4 5. cxd4 d5 6. e5 Bg4 {[%csl Yd4]} 7.
Bb5+ Nc6 8. O-O (8. Nbd2 Qb6 9. Bxc6+ Qxc6 10. O-O Rc8 11. Re1 Qc2 12. Qe2 a6
13. h3 Bf5 14. Nf1 Qxe2 15. Rxe2 Bd3 16. Re3 Bb5 17. Rc3 Rxc3 18. bxc3 e6 19.
Ne3 Bh6 20. Ba3 f6 21. exf6 Bxe3 22. f7+ Kxf7 23. fxe3 h6 24. Ne5+ Kg7 25. Bd6
Nf6 26. a4 Be8 27. Nd3 Nd7 28. a5 g5 29. Rb1 b5 30. axb6 Bg6 31. Rd1 Bxd3 32.
Rxd3 Nxb6 {Matulovic,M-Bellon Lopez,J/Skopje olm 1972/1-0 (47)}) (8. Nc3 Nh6 9.
Qa4 O-O 10. Bxc6 bxc6 11. Qxc6 Bxf3 12. gxf3 Nf5 13. Be3 e6 14. Qa6 Qh4 15. Qd3
Rab8 16. b3 f6 17. f4 fxe5 18. fxe5 Nxe3 19. Qxe3 Bh6 20. Qg3 Qxd4 21. O-O Rf5
22. Rad1 Qxe5 23. Rfe1 Qxg3+ 24. hxg3 Rb6 25. Ne2 Kf7 26. Kg2 Bg7 27. Rc1 Rb7
28. f4 h5 29. Ng1 e5 30. Nh3 {0-1 Kopp,B-Herbrechtsmeier,C/Triberg 25' (11)
1991}) 8... e6 (8... Nh6 9. Nbd2 f6 10. h3 Bd7 11. exf6 Bxf6 12. Nb3 Nf7 13.
Nc5 Nd6 14. Bxc6 Bxc6 15. Ne5 Qc8 16. Re1 Ne4 17. Nxc6 Qxc6 18. Nxe4 dxe4 19.
Qg4 Bxd4 20. Rxe4 Bf6 21. Bh6 Kf7 22. Rc1 Qd5 23. Rc5 Qxa2 24. Ra5 Qxb2 25.
Qe6+ Ke8 26. Ra2 Qc3 27. Bg7 Qc1+ 28. Re1 Qxe1+ 29. Qxe1 Bxg7 30. Qe4 Bf6 31.
Qxb7 Kf7 32. Ra6 g5 33. g3 {Smyslov,V-Polgar,Zs/Vienna (10) 1993/1/2-1/2 (51)})
9. Bxc6+ bxc6 10. Nbd2 Ne7 11. h3 (11. b3 $5 O-O $140 12. Ba3 $36) 11... Bxf3
12. Nxf3 O-O 13. b3 $5 c5 $5 (13... a5 14. Ba3 Ra7 15. Qc2 $14) 14. dxc5 Qc7 {
[%csl Rc5,Re5]} 15. Be3 Nc6 {[%csl Re5]} 16. Bd4 Nxe5 17. Nxe5 Bxe5 18. b4 Rad8
$5 {[%csl Yd5]} 19. b5 Bxd4 20. Qxd4 e5 {Sehr interessante Stellung. Beide
Seite haben zwei verbundenen Freibauern.} 21. Qb4 d4 {[%csl Yd3]} 22. a4 (22.
Rfd1 $5 Rd5 (22... e4 23. Rxd4 Qe5 24. Rad1 $16) (22... d3 23. a4 Rfe8 24. c6
$36) 23. Rac1 (23. c6 Rb8 $15) 23... Rfd8 24. b6 Qb7 $132) 22... e4 {[%csl Ye3]
Die Stärke nebeneinanderstehender Freibauern besteht darin, daß sie nicht
leicht blokiert werden können.} (22... d3 23. a5 Rd4 24. Qa3 d2 25. b6 Qc6 $13)
23. c6 (23. a5 e3) (23. b6 $6 Qc6 $5) 23... Rfe8 (23... e3 24. fxe3 dxe3 25.
Rae1 Rfe8 26. Qc4 $16) 24. a5 {Weiß hat keine Zeit mehr um den Vorrücken der
Bauern vorzubereiten.} (24. Rfc1 $6 {(/\ a5,b6)} e3 25. fxe3 dxe3 26. a5 Qg3 (
26... e2 27. b6 Qg3 28. c7) 27. c7 Rd2 $17) 24... a6 $5 25. Rfc1 axb5 26. Qxb5
e3 $5 27. fxe3 dxe3 28. Qb7 Qe5 $1 {[%csl Ya1]} 29. c7 Ra8 30. a6 Kg7 (30... e2
31. Qxa8 Rxa8 32. c8=Q+ Rxc8 33. Rxc8+ Kg7 34. Rcc1 $16) 31. a7 Qd4 $5 (31...
e2 32. Qc6 (32. c8=Q $2 Rexc8) 32... Rxa7 33. Rxa7 (33. c8=Q Rxa1 $17) 33...
Qe3+ 34. Kh1 e1=Q+ 35. Rxe1 Qxe1+ 36. Kh2 Qe5+ $10) 32. Kh1 e2 33. Qc6 Rxa7 (
33... Qd2 $2 34. Re1 Rxa7 35. Qxe8 Rxa1 36. Qe5+ $18) 34. Qxe8 Rxa1 35. c8=Q
Rxc1+ (35... Qd1+ $2 36. Kh2 $8 (36. Rxd1 exd1=Q+ 37. Kh2 Qd6+ $19) 36... Qd6+
37. g3 $18) 36. Qxc1 Qd1+ 37. Qxd1 exd1=Q+ 38. Kh2 Qd6+ 39. Kh1 h5 $15 40. Qe4
f5 41. Qe1 f4 42. Qa1+ Kf7 43. Qa8 Kf6 44. Qa5 Qd4 45. Qa6+ Kf5 46. Qb5+ Qe5
47. Qd7+ Kg5 48. Qd8+ Qf6 49. Qa5+ Kh6 50. Qd5 Qa1+ 51. Kh2 Qe1 52. Qd4 Qg3+
53. Kh1 Qe3 54. Qh8+ Kg5 55. Qd8+ Kf5 56. Qf8+ 1/2-1/2

[Event "GER-ch 66th"]
[Site "Binz"]
[Date "1994.??.??"]
[Round "9"]
[White "Mainka, Romuald"]
[Black "Bangiev, Alexander J"]
[Result "1/2-1/2"]
[WhiteElo "2485"]
[BlackElo "2385"]
[Annotator "Bangiev,A"]
[PlyCount "59"]
[EventDate "1994.11.??"]
[EventType "swiss"]
[EventRounds "9"]
[EventCountry "GER"]
[SourceTitle "CBM 044"]
[Source "ChessBase"]
[SourceDate "1995.02.01"]
[SourceVersion "1"]
[SourceVersionDate "1995.02.01"]
[SourceQuality "1"]

1. e4 c5 2. Nf3 g6 3. c3 Bg7 4. d4 cxd4 5. cxd4 d5 6. exd5 Nf6 7. Bb5+ Nbd7 8.
Nc3 O-O 9. Bxd7 Qxd7 10. Ne5 (10. Qb3 Rd8 11. Ne5 Qd6 12. Nc4 (12. Bf4 $6 Nxd5
13. Nxd5 (13. Nxf7 $2 Qe6+ $1 (13... Qxf4 $2 14. Nxd8 $16) 14. Ne5 Nxf4 $19)
13... Qxd5 $15) 12... Qa6 13. O-O Nxd5 14. Ne3 Nf6 15. d5 Bd7 16. Nc4 Rac8 17.
Ne5 $36 {Kulaots,K-Wesseln,K/Binz op/1994}) 10... Qd6 11. Qf3 (11. Qb3 Qa6 $5
12. Bf4 Bf5 $13) 11... Nd7 12. O-O (12. Bf4 Nxe5 13. dxe5 Bxe5 14. Bxe5 Qxe5+
15. Qe3 Qxe3+ 16. fxe3 $10) 12... Nxe5 13. dxe5 Qxe5 14. Bf4 Qf5 15. Rfe1 e5 (
15... g5 $5 16. Bd2 (16. Bg3 Qxf3 17. gxf3 e6 $5) 16... Qxf3 17. gxf3 Bf6 18.
Ne4 (18. Rac1 Bf5 19. b3 Rac8) 18... Bxb2 19. Rab1 Bg7 (19... Ba3 20. Rb3 Bd6
21. Nxd6 exd6 22. Bxg5 f6 23. Bh6 $16) 20. Bxg5 Re8 21. Rec1 $36 (21. Nf6+ $6
Bxf6 22. Bxf6 Bf5)) 16. Bxe5 Bxe5 17. Qxf5 Bxh2+ 18. Kxh2 Bxf5 19. Re7 Rab8 (
19... b6 20. Rae1) 20. f3 h5 21. Kg3 $6 (21. Rae1 $5 Rfd8 22. Rc7 Rd7 23. Re7
Rxe7 24. Rxe7 Kg7 25. Kg3 g5) 21... Rfe8 22. Rae1 Kf8 23. d6 Red8 $5 24. Rc7
Rxd6 25. Ree7 Be6 26. a4 Rb6 27. Ne4 (27. Nb5 Re8 28. Rxe8+ Kxe8 29. Nd4 Rxb2
$17) 27... Re8 28. Rxe8+ Kxe8 29. Nc5 Rxb2 30. Nxb7 (30. Nxe6 fxe6 31. Rg7 Rb4
$17) (30. Nxb7 h4+ (30... g5 31. Nc5 h4+ 32. Kh2 Bf5 (32... h3 $2 33. Nxe6) 33.
Kg1 a5 34. Ra7 $10) 31. Kxh4 Rxg2 32. Nd6+ (32. Nc5 Bd5 33. f4 Bf3) 32... Kf8
33. Rxa7 Kg7 $5 {/\ 34...Kh6, /\ 34...Kf6} (33... g5+ 34. Kh5 Bd5 35. Kh6) 34.
Ra8 $1 Kf6 35. Ra5 $5 (35. Rg8 Ke5 36. Ne4 Kf4 $19) (35. Ne4+ Ke5 $17) 35...
Kg7 (35... g5+ $2 36. Rxg5 Rxg5 37. Ne4+) 36. Ra8 $10) 1/2-1/2

[Event "RUS-chT 05th"]
[Site "Maikop"]
[Date "1998.06.03"]
[Round "1"]
[White "Hasangatin, Ramil"]
[Black "Vokarev, Sergey"]
[Result "1-0"]
[WhiteElo "2460"]
[BlackElo "2485"]
[Annotator "Bangiev,A"]
[PlyCount "125"]
[EventDate "1998.06.03"]
[EventType "team-tourn"]
[EventRounds "11"]
[EventCountry "RUS"]
[SourceTitle "CBM 066"]
[Source "ChessBase"]
[SourceDate "1998.09.30"]
[SourceVersion "1"]
[SourceVersionDate "1998.09.30"]
[SourceQuality "1"]
[WhiteTeam "Kazan Sberbank-Tatarstan"]
[BlackTeam "Ekaterinburg Agat"]
[WhiteTeamCountry "RUS"]
[BlackTeamCountry "RUS"]

1. e4 {Hecht} c5 2. Nf3 g6 3. Bc4 Bg7 4. O-O Nc6 5. c3 e6 $6 (5... d6 $142) 6.
d4 cxd4 7. cxd4 d5 8. exd5 exd5 9. Bb5 Nge7 10. Bg5 $5 f6 (10... O-O 11. Bxc6
bxc6 12. Re1 Re8 13. Nbd2 Rb8 14. Nb3 $14) 11. Bxc6+ Nxc6 (11... bxc6 12. Bf4
O-O 13. Nbd2 $14) 12. Re1+ Kf7 13. Bf4 Bg4 14. Nc3 Qd7 (14... Bxf3 15. Qxf3
Nxd4 16. Qd1 f5 17. Re5 $5 $16) 15. Nb5 $5 Bf8 16. h3 Bxf3 17. Qxf3 Bb4 (17...
Kg7 18. Nc7 $16) 18. Nd6+ $5 (18. Bd6 $5 Bxe1 (18... Rad8 19. Qxd5+ (19. Bxb4
Nxb4 $13) 19... Kg7 20. Re6 a6 21. Qe4 $1 axb5 22. Bxb4 $36) 19. Qxd5+ Qe6 $8 (
19... Kg7 20. Bf8+) 20. Qxe6+ Kxe6 21. Rxe1+ Kd5 $13) 18... Kg7 19. Qxd5 Bxd6 (
19... Bxe1 20. Bh6+ (20. Rxe1 $5 Rad8 21. Qe4 $36) 20... Kxh6 21. Nf7+ Qxf7 22.
Qxf7 Rhe8 $13) 20. Qxd6 Rhd8 21. Qxd7+ Rxd7 22. Be3 Kf7 23. Rac1 Rad8 24. Red1
Ke7 (24... Nxd4 25. Rxd4 Rxd4 26. Bxd4 Rxd4 27. Rc7+ $16) 25. Rc4 Rd6 {/\ ..a6,
..b5} (25... h5 $5) 26. Kf1 a6 27. a4 b5 28. axb5 axb5 29. Rc5 Nxd4 30. Bxd4
Rxd4 31. Rxd4 Rxd4 32. Rxb5 {[#] Hecht: Wieder ist der Freibauer von v o r n
gedeckt und der schwarze Turm greift ihn von der Seite bzw. von hinten an.} Rd2
(32... h5 33. Ke2) 33. g4 $1 g5 (33... h5 34. gxh5 (34. b4 $140 {Hecht} h4 {
[%csl Rh3]}) 34... gxh5 35. Kg2 (35. h4 Rd4 36. Rxh5 Rb4 $132) 35... h4 36. Kf3
Ke6 37. Rb4 $16) 34. Kg2 Ke6 {Hecht: Damit versäumt Schwarz ein besseres
Gegenspiel am Königsflügel.} (34... Kf7 $142 $5 {Hecht} 35. Rb8 Kg6 36. b4 Rb2
37. b5 h5 38. b6 (38. gxh5+ Kxh5 39. b6 Kg6 40. b7 Kg7 $11) 38... h4 {[%csl
Rh3]} 39. Kf3 Rb3+ 40. Ke4 Rxh3 41. Kd5 Rf3 $132 {[%cal Rh4h3,Rh3h2]}) 35. Rb7
h6 36. b3 Rd3 37. b4 Rb3 38. Rb8 Kf7 39. b5 Kg6 40. b6 Kg7 41. Kh2 Rf3 42. Kg2
Rb3 43. f3 Rb2+ 44. Kf1 Rb1+ (44... Kh7 45. Ke1 Kg7 46. Kd1 Kh7 47. Kc1 Rb4 48.
Kc2 $18) (44... h5 {Hecht} 45. Ke1 (45. gxh5 $1 {Hecht scheint die Widerlegung
von 44...h5 zu sein. Das Gegenspiel kommt an dieser Stelle also schon zu spät.}
f5 (45... Kh7 46. b7 Kg7 47. h6+ Kh7 48. Ke1 Rb1+ 49. Kd2 Rb3 50. Kc2 Rb6 51.
Kc3 Rb1 52. Kc4 Rc1+ 53. Kd5 Rb1 54. Ke6 Rb6+ 55. Kf5 Rb1 56. Kxf6 Rb5 57. Ke6
Rb1 58. Kf5 Rb5+ 59. Kg4 $18) 46. b7 f4 47. h6+ Kh7 48. Ke1 Rb6 49. Kd2 Rb3 50.
Kc2 Rb6 51. Kc3 Rb1 52. Kd4 Rb5 53. Ke4 Rb1 54. Kf5 Rb5+ 55. Kg4 Rb1 56. Kxg5
Rb4 57. Kg4 Rb1 58. Kxf4 Rb4+ 59. Ke5 Rb1 60. f4 $18 {[%cal Yf4f5,Yf5f6,Yf6f7]}
) 45... h4 (45... hxg4 46. fxg4 (46. hxg4 Rb3 47. Kd2 Rxf3 48. Kc2 Rf4 49. Kc3
Rf1 {siehe Partie aber ohne die h-Bauern. Prinzipiell sollte die Reduktion
günstig für den Verteidiger sein, weil durch die Schwäche des letzten
Königsflügelbauern bzw. die Möglichkeit f5 Schwarz leichter zu Gegenspiel
kommen kann. Jeder zusätzliche Bauer des Angreifers ist ein potentieller
Gewinnbauer! Sie werden das in vielen Abspielen in der Partie bis hin zur
Schlußstellung bestätigt finden.} (49... Rxg4 50. b7 Rg3+ 51. Kc4 Rg4+ 52. Kc5
Rg1 53. Rc8 Rb1 54. b8=Q Rxb8 55. Rxb8 $18)) 46... Rb3 47. Kd2 Rxh3 48. Kc2
Rh2+ 49. Kc3 Rh1 {siehe Partie ohne die h-Bauern.}) 46. Kd1 Rf2 47. Kc1 Rxf3
48. Kc2 Rf4 49. Rc8 Rb4 50. Rc7+ (50. Rc6 Kf7 51. Kc3 Rb1 {siehe Partie mit
dem Bauern auf h6 statt h4, was bezüglich des Partieablaufs nur wenig besser
für Schwarz wäre.}) 50... Kg6 51. b7 f5 52. Kc3 Rb1 $132) 45. Ke2 Rb3 46. Kd2
Rxf3 47. Kc2 (47. b7 $2 Rb3) 47... Rf2+ 48. Kc3 Rf1 {[#] Hecht:  Wechsel des
Turms zur Seitendekung mit den weiteren Fuktionen: Angriff auf die schwarzen
Bauern und Feuerschutz für den eigenen König.} 49. Rd8 Rb1 50. Rd6 Kf7 51. Kc4
Ke7 52. Rc6 (52. Kc5 $4 Rc1+) 52... Rb2 53. Kc5 $18 Rb3 54. Rc7+ Ke6 55. b7 Ke5
56. Rf7 Ke6 {Hecht: Sehen Sie den Unterschied zur Position ohne die h-Bauern?
Dort hätte Schwarz problemlos Kf4 spielen können, was hier nicht geht.} 57. Rh7
Ke5 58. Kc6 f5 59. gxf5 Rc3+ 60. Kd7 Rd3+ 61. Kc8 Rc3+ 62. Rc7 Rb3 63. Rc6 (63.
b8=Q {Hecht} Rxb8+ 64. Kxb8 Kxf5 65. Rc6 h5 66. Rh6 h4 67. Ra6 Kf4 68. Ra3 g4
69. Ra4+ Kg3 70. hxg4 h3 71. g5 $18) 1-0

[Event "GER-ch 68th"]
[Site "Dudweiler"]
[Date "1996.??.??"]
[Round "2"]
[White "Slobodjan, Roman"]
[Black "Bangiev, Alexander J"]
[Result "1-0"]
[WhiteElo "2520"]
[BlackElo "2400"]
[Annotator "Bangiev,A"]
[PlyCount "39"]
[EventDate "1996.11.26"]
[EventType "swiss"]
[EventRounds "9"]
[EventCountry "GER"]
[SourceTitle "CBM 055 Extra"]
[Source "ChessBase"]
[SourceDate "1997.01.01"]
[SourceVersion "1"]
[SourceVersionDate "1997.01.01"]
[SourceQuality "1"]

1. e4 g6 2. d4 Bg7 3. Nf3 c5 4. dxc5 Qa5+ 5. Nbd2 Qxc5 6. Bd3 d6 7. O-O Nf6 8.
Re1 (8. h3 $142 O-O 9. Re1 Nc6 10. Nb3 Qh5 $5) 8... Nbd7 $6 (8... Ng4 $5 {
Da Weiß nicht genug Raum hat, sollte er den Figurenabtausch erzwingen.} 9. Qe2
Nc6 10. h3 Nge5 11. Nxe5 Nxe5) (8... O-O $6 9. e5 $5) (8... Nc6 9. Nb3 Qh5 $5
10. h3 $13) 9. h3 O-O 10. Rb1 Qc7 (10... b6 $5 11. c4 Bb7 12. b4 Qc7 13. Bb2
$13) 11. c4 Nc5 12. Bf1 a5 13. b3 Bd7 (13... b6 $5 14. Bb2 Nfd7 15. Nd4 Bb7)
14. a3 Bc6 15. Qc2 Rfc8 (15... Nfd7 $10 16. b4 $2 Ba4 17. Qa2 axb4 18. axb4 Bb3
$17) 16. Bb2 {/\19.e5} e5 (16... Nfd7 $2 17. Bxg7 Kxg7 18. b4 $16) 17. b4 axb4
18. axb4 Na4 19. Ba1 Nd7 $4 (19... Ra7 $5 20. Bd3 {/\Qd1,Bc2->Na4} Rca8 $15) (
19... b6 20. Bd3 Nd7 21. Qd1 Nf8 22. Bc2 $13) 20. b5 1-0

[Event "Schahin Cury"]
[Site "Americana"]
[Date "1997.07.12"]
[Round "5"]
[White "De Toledo, James Mann"]
[Black "Zapata, Alonso"]
[Result "1/2-1/2"]
[WhiteElo "2395"]
[BlackElo "2505"]
[Annotator "Bangiev,A"]
[PlyCount "94"]
[EventDate "1997.07.08"]
[EventType "tourn"]
[EventRounds "10"]
[EventCountry "BRA"]
[EventCategory "9"]
[SourceTitle "CBM 061"]
[Source "ChessBase"]
[SourceDate "1997.11.23"]
[SourceVersion "1"]
[SourceVersionDate "1997.11.23"]
[SourceQuality "1"]

1. e4 c5 2. Nf3 g6 3. Nc3 Bg7 4. d4 Qa5 5. Be2 Nc6 6. d5 Nd4 7. O-O a6 $5 {
Dies soll den Zug Nb5 (nach dem Tausch auf d4) vormeiden.} (7... Nxe2+ {
ist eine Alternative.}) 8. e5 (8. d6 Qb6 9. Bf4 e6 10. Rb1 f6 11. e5 fxe5 12.
Nxe5 Nh6 13. Qd2 Nhf5 14. Nc4 Qa7 15. Be5 Bxe5 16. Nxe5 Nxd6 17. Qg5 b5 18. Bd3
Bb7 19. Bxg6+ hxg6 20. Nxg6 Kf7 21. Ne5+ Ke8 22. Qg7 Rh5 {Nokes,R-Gutierrez,J/
Luzern olm 1982/BIG 80/0-1 (63)}) (8. Nxd4 cxd4 9. Nb1 e6 10. c4 e5 11. Bd2 Qb6
12. b4 d6 13. Bd3 Bd7 14. Na3 Rc8 15. Rb1 Nf6 16. c5 dxc5 17. Nc4 Qc7 18. bxc5
O-O 19. Bb4 Rfd8 20. d6 Qb8 21. Nxe5 Be6 22. Qe2 Qa7 {Domont,A-Bechtel,P/
Geneve op 1994/TD 94\02/1-0 (40)}) (8. Bd2 d6 9. Kh1 Nxf3 10. gxf3 Nf6 11. f4
Qc7 12. a4 b6 13. Bf3 Rb8 14. Qe2 O-O 15. Rae1 Kh8 16. Rg1 e6 17. dxe6 fxe6 18.
Qf1 Bb7 19. Qh3 Qf7 20. Rg5 d5 21. e5 Ng8 22. Ne2 Nh6 {Green Krotki,J-Day,L/
CAN-ch/zt Toronto 1978/MCD-ch/0-1 (52)}) 8... Nxf3+ 9. Bxf3 Bxe5 10. d6 $5 (10.
Re1 d6 $17) 10... Bxd6 11. Re1 Kf8 12. Nd5 $44 h6 13. Bd2 Qd8 14. Bc3 Rh7 (
14... f6 $6 15. Nxf6) 15. a4 {/\a5 -> b6} a5 16. Ra3 (16. Qd2 e6 17. Ne3 Bf4
$17) 16... Ra6 (16... e6 $5 17. Ne3 Bc7 $17) 17. Rb3 {[%csl Yb6] /\Be2} Bb8 (
17... Bc7 $5) (17... e6 $5 18. Ne3 Bf4 $17) 18. Qd2 e6 (18... b6 19. Be2) 19.
Nb6 d5 (19... Bxh2+ $6 20. Kxh2 (20. Kf1 Bc7 (20... d5 $6 21. g3 Rxb6 22. Bxa5
Rxb3 23. Bxd8 Rxf3 24. Kg2 $14) 21. Nxc8 d5 $1 $17) 20... Rxb6 21. Bxa5 Qh4+
22. Kg1 Rxb3 23. cxb3 Ne7 24. Bb6 $44) (19... Rxb6 20. Bxa5 Bxh2+ 21. Kf1 $13)
20. Bxa5 Bc7 21. Qc3 c4 $2 (21... Qd6 $1 {[%csl Rb6,Rh2]} 22. Nxc8 Qxh2+ 23.
Kf1 Bxa5 (23... Rxa5 24. Rxb7 $13) 24. Qxc5+ Kg7 $17) 22. Bb4+ Bd6 $8 23. Nxc8
(23. Bxd6+ $5 Qxd6 24. Nxc8 Qc6 25. Qb4+ Kg7 (25... Ke8 26. Bxd5 $16) 26. Rbe3
Qxc8 27. Bxd5 $5 $36 exd5 $6 28. Re8 Qd7 29. Qf8+ Kf6 30. Qxg8 $16) 23... Qxc8
24. Bxd6+ Rxd6 25. Rb5 Ne7 26. Qb4 Rd7 27. a5 $44 {/\28.a6} Qc7 (27... Kg7) 28.
b3 cxb3 29. c4 $6 {[%csl Yb7][%cal Ya5a6]} (29. cxb3 $142) 29... Qd6 (29...
Qxc4 $1 30. Qxc4 (30. Rxb7 Qxb4 31. Rxb4 Ra7 $17) 30... dxc4 31. Rxb7 (31. Bxb7
Rd2 32. a6 (32. Ra1 b2) 32... Ra2) 31... Rxb7 32. Bxb7 c3 33. a6 c2 34. a7 b2
35. a8=Q+ Kg7 36. Qa3 (36. Qa1 bxa1=Q 37. Rxa1 Nf5 38. Rc1 Nd4 $19) 36... b1=Q
37. Qc3+ f6 38. Be4 c1=Q $19) (29... dxc4 $2 30. Rxb7) 30. Rxb7 Qxb4 31. Rxb4
Nc6 32. Rb5 (32. Rxb3 Nd4 (32... Nxa5 33. Rb8+ Kg7 34. cxd5 exd5 35. Rb5 $14)
33. Rb8+ Kg7 34. cxd5 Nxf3+ 35. gxf3 Rxd5 36. Ra1 $14) 32... Nd4 33. Rb8+ Kg7
34. cxd5 Nxf3+ 35. gxf3 Rxd5 36. Ra1 Rh8 37. Rxb3 Ra8 $11 38. a6 Ra7 39. Rb6 h5
40. Ra4 Kf6 41. Kf1 Rd2 42. Kg2 Rd1 43. h4 Rd5 44. Kg3 g5 45. hxg5+ Rxg5+ 46.
Kh3 Rf5 47. Kg3 Rg5+ 1/2-1/2

[Event "Bundesliga 9900"]
[Site "Germany"]
[Date "2000.03.13"]
[Round "13.8"]
[White "Meyer, Claus Dieter"]
[Black "Thiel, Thomas"]
[Result "1-0"]
[WhiteElo "2313"]
[BlackElo "2323"]
[Annotator "Bangiev,A"]
[PlyCount "61"]
[EventDate "1999.10.09"]
[EventType "team-tourn"]
[EventRounds "15"]
[EventCountry "GER"]
[SourceTitle "CBM 076"]
[Source "ChessBase"]
[SourceDate "2000.05.31"]
[SourceVersion "1"]
[SourceVersionDate "2000.05.31"]
[SourceQuality "1"]
[WhiteTeam "Werder Bremen"]
[BlackTeam "Wattenscheid"]
[WhiteTeamCountry "GER"]
[BlackTeamCountry "GER"]

1. e4 c5 2. Nf3 g6 3. d4 cxd4 4. Qxd4 Nf6 5. Bb5 Bg7 {Ein neuer Plan.} (5... a6
6. e5) (5... Nc6 6. Bxc6 dxc6 {dies ist die Hauptvariante.}) 6. e5 Ng8 7. O-O (
7. Nc3 Nc6 8. Qe4 f6 9. Bf4 fxe5 10. Nxe5 Nf6 11. Qc4 e6 12. Rd1 Qb6 13. O-O
O-O 14. Na4 Qa5 15. Bxc6 dxc6 $13 {0-1 Gamsa,M-Berrig,O/Geneve 1999/(33)}) 7...
Nc6 8. Bxc6 (8. Qf4 f6 $132) 8... dxc6 (8... bxc6 9. Nc3 $14) 9. Qh4 (9. Qxd8+
Kxd8 $11) 9... Bf5 10. Nc3 h6 $6 {/\g5} (10... Bxc2 $6 11. Nd4 Bd3 12. Rd1 $36)
(10... Qc8 $5 11. Qa4 (11. Rd1 $6 Bxc2) (11. Bf4 h6) (11. Ne4 Bg4) 11... Bg4)
11. Qa4 $1 (11. Be3 $2 Bxc2 12. Nd4 g5 $17) 11... Qc8 12. Bf4 g5 {Dies ist zu
riskant.} ({Soll hier versucht werden, die Entwicklung des Königsflügel zu
beenden, z.B.} 12... h5 13. Nd4 Bd7 14. Qa3 Nh6 15. Rad1 Nf5 16. Bg5 O-O $5 17.
Rfe1 {mit weißer Initiative.}) 13. Bg3 Bg4 14. Nd4 h5 15. h3 Bd7 16. e6 $5 {
[%mdl 512] Ein positionelles Bauernopfer.} fxe6 (16... Bxe6 17. Nxe6 Qxe6 18.
Rfe1 Qg6 (18... Qd7 19. Rad1) 19. Nd5 b5 20. Nc7+ Kf8 21. Qa6 $16) 17. Nf3 {
[%csl Ye5][%cal Yf3e5,Yg3e5,Yf1e1,Ye1e5] Weiß ist offenbar im Vorteil, da die
schwarzen Bauernschwächen durchaus verwundbar sind.} Bf6 18. Qe4 {[%cal Ye4g6]}
h4 $2 (18... Kf8 $5 19. Ne5 Be8 20. f4 g4 $1) 19. Bh2 (19. Be5 $1 Rh6 20. Nxg5
$1 Bxg5 21. Qg4 $18) 19... Kf8 20. Ne5 $1 Bxe5 $2 {Mit jedem Figurentausch
werden die schwarzen Bauernschwäche noch spürbar.} (20... Be8 $142 21. f4 $14)
21. Qxe5 Nf6 (21... Rh7 22. Ne4 $18) 22. Ne4 {Wwiß hat hier eine große Auswahl
an guten Zügen.} (22. Qxg5 $16) 22... Rh6 23. Nxg5 $16 Qe8 24. Rad1 Qg6 25. Rd3
Qf5 26. Rfd1 Ke8 27. Nf3 c5 28. Qc7 Bc6 $2 (28... Rd8 $142 $18) 29. Rd8+ Rxd8
30. Rxd8+ Kf7 31. Ne5+ 1-0